| 000 | 00501nam a2200145Ia 4500 | ||
|---|---|---|---|
| 008 | 170221s9999 xx 000 0 und d | ||
| 100 | _aWinfred O. Goromonzi | ||
| 245 | _aOrganizational Culture, Strategy Implementation and Commercial Bank Performance in Zimbabwe | ||
| 245 | _cWinfred O. Goromonzi | ||
| 260 | _bInternational Review of Management and Marketing | ||
| 260 | _c2016 | ||
| 300 | _a6 : 2 | ||
| 650 | _xMarketing. | ||
| 856 | _uhttp://www.econjournals.com/index.php/irmm/issue/view/72 | ||
| 999 |
_c308393 _d308393 |
||